000 00314nam a22001457a 4500
008 210304b ||||| |||| 00| 0 eng d
020 _a9780130613455
041 _aeng
080 _24th
_a91
082 _a91
100 _a42
101 _aGJEO
245 _aGeosystems
_cChristopherson, R. W
942 _2udc
_cBK
999 _c55708
_d55708